00737 a2200181 4500003000400000005001700004008004100021020001800062040000900080082001500089100004400104245018900148260002600337300000900363942003600372952013000408999001700538OSt20231207152129.0231207b |||||||| |||| 00| 0 eng d a9789389109351 coclc a954bRIZ/W1 aRizvi, Saiyid Athar Abbas,d1921-92312 aThe wonder that was India : Volume II,. bA survey of the history and culture of the Indian sub-continent from the coming of the Muslims to the British conquest, 1200-1700cS A A Rizvi bPicador India,c2022. a358p 2ddccBKh954iRIZ/Wk954mRIZ/W 00102ddc40708HISTORYaMESbMEScHISd2023-12-07l0o954 RIZ/Wp43906r2023-12-07 15:22:02v699.00w2023-12-07yBKzGL39R4 c43725d43725